Náklady na reprezentáciu verzus výdavky na reklamu
Pojem výdavok na reprezentáciu z pohľadu zákona o dani z príjmov a z pohľadu dane z pridanej hodnoty. Náklady na reprezentáciu z pohľadu účtovníctva. Ilustračné príklady.
Uložené v:
| Hlavný autor: | |
|---|---|
| Médium: | Kapitola |
| Jazyk: | Slovak |
| Predmet: | |
| Tagy: |
Žiadne tagy, Buďte prvý, kto otaguje tento záznam!
|
MARC
| LEADER | 00000naa$a2200000$$$4500 | ||
|---|---|---|---|
| 001 | 0033764 | ||
| 005 | 20231109113937.0 | ||
| 041 | 0 | |a slo | |
| 044 | |a SK | ||
| 245 | 1 | 0 | |a Náklady na reprezentáciu verzus výdavky na reklamu |c Dušan Dobšovič |
| 520 | |a Pojem výdavok na reprezentáciu z pohľadu zákona o dani z príjmov a z pohľadu dane z pridanej hodnoty. Náklady na reprezentáciu z pohľadu účtovníctva. Ilustračné príklady. | ||
| 610 | 2 | 0 | |a výdavky daňové |
| 610 | 2 | 0 | |a propagácia |
| 610 | 2 | 0 | |a reklama |
| 610 | 2 | 0 | |a dane z hodnoty pridanej |
| 610 | 2 | 0 | |a dane z príjmov |
| 610 | 2 | 0 | |a predpisy právne |
| 610 | 2 | 0 | |a účtovníctvo |
| 100 | 1 | |a Dobšovič, Dušan | |